000 00784nam a2200301Ia 4500
001 13420
003 IT-RoPAU
008 130308s9999 xx 000 0 und d
040 _aIT-RoPAU
040 _cIT-RoPAU
041 _aFRANCESE
100 _aKundera Milan
100 _gCodice Aut. SPICS: 4974
245 _aXenakis prophete de l'insensibilitè
245 _bRegards Sur Iannis Xenakis
250 _a1a ed.
260 _aPARIS
260 _bStock
260 _c1981 [1° Ed.:1981 - Ed.Ling.Originale:1981]
300 _a"4 p. (prefazione: no ; testo: 4 [pagine: 21-24])"
500 _aProfeta dell'Insensibilita'
650 _aAUTORI/OPERE DI MUSICA
650 _eCodice materia Spics: 7007
942 _cBK
957 _71
999 _c59079
_d59079
999 _bSI
999 _g1